| 000 | 00560nam a22002057a 4500 | ||
|---|---|---|---|
| 999 |
_c2659 _d2659 |
||
| 003 | OSt | ||
| 005 | 20190930112656.0 | ||
| 008 | 151123b xxu||||| |||| 00| 0 eng d | ||
| 020 | _a0070380236 | ||
| 040 | _c040a | ||
| 082 |
_a512.5 _bLIP 1989 |
||
| 100 |
_aLipschutz, Seymour _9714 |
||
| 245 | _a3000 Solved problems in Linear Algebra | ||
| 260 |
_aNew York _bMcGraw-Hill _c1989 |
||
| 300 |
_avii, 480p; _bill: _c14 cm |
||
| 440 |
_aSchaum's solved problems series _96269 |
||
| 505 | _aincludes index | ||
| 650 |
_aLinear algebra _93634 |
||
| 942 |
_2ddc _cSLOAN |
||